header

Nanostructured titanium dioxide materials (Record no. 146365)

MARC details
000 -LEADER
fixed length control field 01245nam a2200313 a 4500
100 1# - MAIN ENTRY--AUTHOR NAME
Personal name Khataee, Alireza.
245 10 - TITLE STATEMENT
Title Nanostructured titanium dioxide materials
260 ## - PUBLICATION, DISTRIBUTION, ETC. (IMPRINT)
Place of publication Hackensack, N.J. :
Name of publisher World Scientific,
Year of publication 2012.
300 ## - PHYSICAL DESCRIPTION
Number of Pages viii, 196 p.
650 #0 - SUBJECT ADDED ENTRY--TOPICAL TERM
Topical Term Nanostructured materials.
Topical Term Titanium dioxide.
700 1# - ADDED ENTRY--PERSONAL NAME
Personal name Mansoori, G. Ali.
856 40 - ELECTRONIC LOCATION AND ACCESS
Uniform Resource Identifier http://site.ebrary.com/lib/rucke/Doc?id=10529363

No items available.

© 2026 Rongo University
Contact us: librarian | system librarian | Rongo university